000 00438nam a22001817a 4500
003 MPLRDC
005 20220104114154.0
008 210129b ||||| |||| 00| 0 eng d
082 _a782.271 LHT
100 _a刘华亭 编著
245 _a中国五千年女性
_c
250 _a初版
260 _a
_b星光出版社
_c1984
300 _b
490 _a双子星丛书. 297
650 _a中国传记
942 _cBK
_o782.271 LHT
999 _c5388
_d5378